Možnosti optimalizácie a hodnotenia akustickej kvality domácich spotrebičov

Psychoakustika - interdisciplinárna vedná disciplína zaoberajúca sa vnímaním zvuku. Základné subjektívne a objektívne metódy hodnotenia kvality zvukov. Ciele dosiahnutia reálnych výsledkov hodnotenia psychoakustikej kvality zvukov jednotlivými výrobnými skupinami. Akustická kvalita emitovaného zvuku...

ver descrição completa

Na minha lista:
Detalhes bibliográficos
Autor principal: Moravec, Marek
Outros Autores: Liptai, Pavol
Formato: Capítulo de Livro
Idioma:eslovaco
Assuntos:
Tags: Adicionar Tag
Sem tags, seja o primeiro a adicionar uma tag!

MARC

LEADER 00000naa a2200000 4500
001 0209151
005 20220729111710.0
041 0 |a slo 
044 |a SK 
245 1 0 |a Možnosti optimalizácie a hodnotenia akustickej kvality domácich spotrebičov  |c Marek Moravec, Pavol Liptai 
520 |a Psychoakustika - interdisciplinárna vedná disciplína zaoberajúca sa vnímaním zvuku. Základné subjektívne a objektívne metódy hodnotenia kvality zvukov. Ciele dosiahnutia reálnych výsledkov hodnotenia psychoakustikej kvality zvukov jednotlivými výrobnými skupinami. Akustická kvalita emitovaného zvuku v súlade s očakávaniami zákazníkov v porovnaní s konkurenčnými výrobkami. 
610 2 0 |a inžinierstvo priemyselné 
610 2 0 |a elektrotechnika 
610 2 0 |a prístroje 
610 2 0 |a kvalita výrobkov 
610 2 0 |a bezpečnosť výrobkov 
610 2 0 |a hluk 
610 2 0 |a meranie 
610 2 0 |a veda 
610 2 0 |a psychoakustika 
100 1 |a Moravec, Marek 
700 1 |a Liptai, Pavol